000 00632nam a2200193Ia 4500
008 151121s9999||||xx |||||||||||||| ||und||
082 _a818/भालेरा
082 _bHNW-48999
100 _aभालेराव अनंत
245 _aपेटलेले दिवस
260 _b"श्रीविद्या प्रकाशन, पुणे।"
260 _c--
300 _a109
600 _aभालेराव अनंत
630 _aपेटलेले दिवस
700 _aभालेराव अनंत
730 _aपेटलेले दिवस
942 _cBOOK
999 _c1234301
_d1234298